Statistics for Guess The Countries By Flag Starting With A

Click here to take the quiz!

General Stats

  • This quiz has been taken 31 times
  • The average score is 10 of 11

Answer Stats

Answer% Correct
Argentina
100%
Australia
100%
Albania
96%
Algeria
96%
Armenia
96%
Austria
96%
Angola
92%
Afghanistan
85%
Andorra
85%
Azerbaijan
85%
Antigua and Barbuda
77%

Score Distribution

Percentile by Number Answered

Percent of People with Each Score

Your Score History

You have not taken this quiz